Państwa graniczące #4 - Statystyki

Ogólne statystyki
  • Ten quiz został rozwiązany 211 razy
  • Średni wynik to 49 z 64
Statystyki odpowiedzi
Hint Odpowiedź % Poprawnych
Portugalia Hiszpania
95%
Urugwaj Argentyna
91%
Urugwaj Brazylia
91%
Belgia Holandia
91%
Estonia Łotwa
91%
Rosja Łotwa
91%
Belgia Niemcy
91%
Rosja Chiny
90%
Kanada Stany Zjednoczone
90%
Belgia Luksemburg
89%
Estonia Rosja
88%
Belgia Francja
87%
Uzbekistan Kazachstan
87%
Rosja Kazachstan
87%
Rosja Polska
87%
Czarnogóra Serbia
85%
Irlandia Wielka Brytania
85%
Rosja Litwa
84%
Rosja Ukraina
84%
Jemen Oman
83%
Jemen Arabia Saudyjska
82%
Ekwador Kolumbia
82%
Czarnogóra Kosowo
82%
Egipt Sudan
82%
Uzbekistan Tadżykistan
82%
Rosja Białoruś
81%
Czarnogóra Chorwacja
81%
Egipt Libia
81%
Czarnogóra Albania
80%
Uzbekistan Kirgistan
80%
Rosja Mongolia
80%
Czarnogóra Bośnia i Hercegowina
78%
Ekwador Peru
78%
Uzbekistan Turkmenistan
78%
Rosja Finlandia
76%
Rosja Estonia
74%
Egipt Izrael
74%
Rosja Korea Północna
74%
Tajlandia Laos
74%
Rosja Azerbejdżan
72%
Dżibuti Etiopia
72%
Rosja Gruzja
72%
Tajlandia Kambodża
72%
Dżibuti Somalia
72%
Sierra Leone Gwinea
71%
Uzbekistan Afganistan
70%
Tajlandia Mjanma
70%
Mozambik Republika Południowej Afryki
70%
Dżibuti Erytrea
67%
Benin Niger
66%
Benin Nigeria
66%
Gambia Senegal
66%
Mozambik Tanzania
65%
Mozambik Zambia
65%
Tajlandia Malezja
64%
Mozambik Zimbabwe
63%
Benin Togo
62%
Gwinea Równikowa Kamerun
61%
Gwinea Równikowa Gabon
59%
Rosja Norwegia
59%
Sierra Leone Liberia
56%
Mozambik Eswatini
55%
Benin Burkina Faso
49%
Mozambik Malawi
47%
Nie znaleziono quizów pasujących do podanych kryteriów
Rozkład punktacji
Procent ludzi z każdym wynikiem
Percentyl według liczby udzielonych odpowiedzi
Twoja historia wyników
Nie rozwiązałeś tego quizu